[Event "Irena Warakomska Memorial B"]
[Site "chessmanager.com"]
[Date "2018.08.06"]
[Round "7"]
[White "Kwiecinski, Rafal"]
[Black "Zolkiewski, Jakub"]
[Result "0-1"]
[Board "24"]
[WhiteElo "1459"]
[WhiteCountry "POL"]
[WhiteFideId "21008868"]
[WhiteEloChange "-2"]
[BlackElo "1894"]
[BlackCountry "POL"]
[BlackFideId "1184695"]
[BlackEloChange "2"]

1. e4 {[%clk 1:30:30]} e5 {[%clk 1:30:30]} 2. Bc4 {[%clk 1:30:30]} Nf6 {[%clk
1:30:30]} 3. d3 {[%clk 1:30:30]} Nc6 {[%clk 1:30:30]} 4. c3 {[%clk 1:30:30]} Na5
{[%clk 1:30:30]} 5. Nd2 {[%clk 1:30:30]} Nxc4 {[%clk 1:30:30]} 6. Nxc4 {[%clk
1:30:30]} d5 {[%clk 1:30:30]} 7. Nxe5 {[%clk 1:30:30]} Bd6 {[%clk 1:30:30]} 8.
Qa4+ {[%clk 1:30:30]} c6 {[%clk 1:30:30]} 9. Bf4 {[%clk 1:30:30]} O-O {[%clk
1:30:30]} 10. Ngf3 {[%clk 1:30:30]} Qc7 {[%clk 1:30:30]} 11. O-O {[%clk 1:30:30]}
Nh5 {[%clk 1:30:30]} 12. exd5 {[%clk 1:30:30]} cxd5 {[%clk 1:30:30]} 13. Rfe1
{[%clk 1:30:30]} f6 {[%clk 1:30:30]} 14. Qd4 {[%clk 1:30:30]} Nxf4 {[%clk
1:30:30]} 15. Qxf4 {[%clk 1:30:30]} fxe5 {[%clk 1:30:30]} 16. Qh4 {[%clk
1:30:30]} Bf5 {[%clk 1:30:30]} 17. Re3 {[%clk 1:30:30]} Rae8 {[%clk 1:30:30]} 18.
Rae1 {[%clk 1:30:30]} Bg6 {[%clk 1:30:30]} 19. g3 {[%clk 1:30:30]} Qb6 {[%clk
1:30:30]} 20. R1e2 {[%clk 1:30:30]} e4 {[%clk 1:30:30]} 21. dxe4 {[%clk 1:30:30]}
dxe4 {[%clk 1:30:30]} 22. Nd4 {[%clk 1:30:30]} Bc5 {[%clk 1:30:30]} 23. Rd2
{[%clk 1:30:30]} Bxd4 {[%clk 1:30:30]} 24. cxd4 {[%clk 1:30:30]} Qb4 {[%clk
1:30:30]} 25. Rc3 {[%clk 1:30:30]} Qd6 {[%clk 1:30:30]} 26. Qg5 {[%clk 1:30:30]}
Rf5 {[%clk 1:30:30]} 27. Qe3 {[%clk 1:30:30]} Rf3 {[%clk 1:30:30]} 28. Qe2 {[%clk
1:30:30]} Rxc3 {[%clk 1:30:30]} 29. bxc3 {[%clk 1:30:30]} Rc8 {[%clk 1:30:30]}
30. c4 {[%clk 1:30:30]} Qb4 {[%clk 1:30:30]} 31. c5 {[%clk 1:30:30]} Rd8 {[%clk
1:30:30]} 32. Qe3 {[%clk 1:30:30]} Qc4 {[%clk 1:30:30]} 33. h4 {[%clk 1:30:30]}
Bh5 {[%clk 1:30:30]} 34. Qb3 {[%clk 1:30:30]} Qxb3 {[%clk 1:30:30]} 35. axb3
{[%clk 1:30:30]} Bf7 {[%clk 1:30:30]} 36. b4 {[%clk 1:30:30]} a6 {[%clk 1:30:30]}
37. Kf1 {[%clk 1:30:30]} Bc4+ {[%clk 1:30:30]} 38. Kg2 {[%clk 1:30:30]} Bd5
{[%clk 1:30:30]} 39. Kh3 {[%clk 1:30:30]} Rf8 {[%clk 1:30:30]} 40. Kg4 {[%clk
1:30:30]} Be6+ {[%clk 1:30:30]} 41. Kg5 {[%clk 1:30:30]} h6+ {[%clk 1:30:30]} 42.
Kh5 {[%clk 1:30:30]} Rf5+ {[%clk 1:30:30]} 43. Kg6 {[%clk 1:30:30]} Rd5 {[%clk
1:30:30]} 0-1

[Event "Irena Warakomska Memorial B"]
[Site "chessmanager.com"]
[Date "2018.08.06"]
[Round "7"]
[White "Dryja, Szymon"]
[Black "Szczotka, Klara"]
[Result "0-1"]
[Board "25"]
[WhiteElo "1898"]
[WhiteCountry "POL"]
[WhiteFideId "1165160"]
[WhiteEloChange "-18"]
[BlackElo "1483"]
[BlackCountry "POL"]
[BlackFideId "21858845"]
[BlackEloChange "18"]

1. Nf3 {[%clk 1:30:30]} c5 {[%clk 1:30:30]} 2. b3 {[%clk 1:30:30]} d5 {[%clk
1:30:30]} 3. e3 {[%clk 1:30:30]} e6 {[%clk 1:30:30]} 4. Bb2 {[%clk 1:30:30]} Nf6
{[%clk 1:30:30]} 5. d4 {[%clk 1:30:30]} b6 {[%clk 1:30:30]} 6. Bd3 {[%clk
1:30:30]} Nbd7 {[%clk 1:30:30]} 7. O-O {[%clk 1:30:30]} Be7 {[%clk 1:30:30]} 8.
Nbd2 {[%clk 1:30:30]} Bb7 {[%clk 1:30:30]} 9. c4 {[%clk 1:30:30]} O-O {[%clk
1:30:30]} 10. Rc1 {[%clk 1:30:30]} Rc8 {[%clk 1:30:30]} 11. Bb1 {[%clk 1:30:30]}
Ne4 {[%clk 1:30:30]} 12. Nxe4 {[%clk 1:30:30]} dxe4 {[%clk 1:30:30]} 13. Nd2
{[%clk 1:30:30]} f5 {[%clk 1:30:30]} 14. Qe2 {[%clk 1:30:30]} Nf6 {[%clk
1:30:30]} 15. Rfd1 {[%clk 1:30:30]} Qc7 {[%clk 1:30:30]} 16. Nf1 {[%clk 1:30:30]}
Rcd8 {[%clk 1:30:30]} 17. Rd2 {[%clk 1:30:30]} Rd7 {[%clk 1:30:30]} 18. Rcd1
{[%clk 1:30:30]} Rfd8 {[%clk 1:30:30]} 19. h3 {[%clk 1:30:30]} Kf7 {[%clk
1:30:30]} 20. a3 {[%clk 1:30:30]} a5 {[%clk 1:30:30]} 21. Ba2 {[%clk 1:30:30]} g6
{[%clk 1:30:30]} 22. Qe1 {[%clk 1:30:30]} h5 {[%clk 1:30:30]} 23. Ng3 {[%clk
1:30:30]} h4 {[%clk 1:30:30]} 24. Ne2 {[%clk 1:30:30]} g5 {[%clk 1:30:30]} 25.
Nc3 {[%clk 1:30:30]} Bc6 {[%clk 1:30:30]} 26. d5 {[%clk 1:30:30]} exd5 {[%clk
1:30:30]} 27. cxd5 {[%clk 1:30:30]} Bxd5 {[%clk 1:30:30]} 28. Nxd5 {[%clk
1:30:30]} Nxd5 {[%clk 1:30:30]} 29. b4 {[%clk 1:30:30]} c4 {[%clk 1:30:30]} 30.
bxa5 {[%clk 1:30:30]} b5 {[%clk 1:30:30]} 31. Qe2 {[%clk 1:30:30]} Kg6 {[%clk
1:30:30]} 32. a4 {[%clk 1:30:30]} Qxa5 {[%clk 1:30:30]} 33. f3 {[%clk 1:30:30]}
Nf4 {[%clk 1:30:30]} 34. exf4 {[%clk 1:30:30]} Rxd2 {[%clk 1:30:30]} 35. Rxd2
{[%clk 1:30:30]} Rxd2 {[%clk 1:30:30]} 36. Qe1 {[%clk 1:30:30]} Rxg2+ {[%clk
1:30:30]} 0-1

[Event "Irena Warakomska Memorial B"]
[Site "chessmanager.com"]
[Date "2018.08.06"]
[Round "7"]
[White "Haliniak, Wojciech"]
[Black "Cap, Piotr"]
[Result "1-0"]
[Board "26"]
[WhiteElo "1679"]
[WhiteCountry "POL"]
[WhiteFideId "21838461"]
[WhiteEloChange "16"]
[BlackElo "1934"]
[BlackCountry "POL"]
[BlackFideId "21880530"]
[BlackEloChange "-16"]

1. e4 {[%clk 1:30:30]} d6 {[%clk 1:30:30]} 2. d4 {[%clk 1:30:30]} c6 {[%clk
1:30:30]} 3. Nc3 {[%clk 1:30:30]} Qc7 {[%clk 1:30:30]} 4. h3 {[%clk 1:30:30]} e5
{[%clk 1:30:30]} 5. Nf3 {[%clk 1:30:30]} Nf6 {[%clk 1:30:30]} 6. Be3 {[%clk
1:30:30]} Be7 {[%clk 1:30:30]} 7. a4 {[%clk 1:30:30]} O-O {[%clk 1:30:30]} 8. Bc4
{[%clk 1:30:30]} Nbd7 {[%clk 1:30:30]} 9. O-O {[%clk 1:30:30]} Nxe4 {[%clk
1:30:30]} 10. Nxe4 {[%clk 1:30:30]} d5 {[%clk 1:30:30]} 11. Bxd5 {[%clk 1:30:30]}
cxd5 {[%clk 1:30:30]} 12. Nc3 {[%clk 1:30:30]} Bd6 {[%clk 1:30:30]} 13. Nxd5
{[%clk 1:30:30]} Qc6 {[%clk 1:30:30]} 14. dxe5 {[%clk 1:30:30]} Bc5 {[%clk
1:30:30]} 15. b4 {[%clk 1:30:30]} Nb6 {[%clk 1:30:30]} 16. Bxc5 {[%clk 1:30:30]}
Nxd5 {[%clk 1:30:30]} 17. Bxf8 {[%clk 1:30:30]} Kxf8 {[%clk 1:30:30]} 18. c4
{[%clk 1:30:30]} Nxb4 {[%clk 1:30:30]} 19. Qb1 {[%clk 1:30:30]} a5 {[%clk
1:30:30]} 20. Qxh7 {[%clk 1:30:30]} Ra6 {[%clk 1:30:30]} 21. Rad1 {[%clk
1:30:30]} Qc7 {[%clk 1:30:30]} 22. Qh8+ {[%clk 1:30:30]} Ke7 {[%clk 1:30:30]} 23.
e6 {[%clk 1:30:30]} Rxe6 {[%clk 1:30:30]} 24. Qxg7 {[%clk 1:30:30]} Rg6 {[%clk
1:30:30]} 25. Rfe1+ {[%clk 1:30:30]} Be6 {[%clk 1:30:30]} 26. Qh8 {[%clk
1:30:30]} Nc6 {[%clk 1:30:30]} 27. Qh4+ {[%clk 1:30:30]} Kf8 {[%clk 1:30:30]} 28.
Ne5 {[%clk 1:30:30]} Ne7 {[%clk 1:30:30]} 29. Nxg6+ {[%clk 1:30:30]} Nxg6 {[%clk
1:30:30]} 30. Qf6 {[%clk 1:30:30]} 1-0

[Event "Irena Warakomska Memorial B"]
[Site "chessmanager.com"]
[Date "2018.08.06"]
[Round "7"]
[White "Paszkowski, Krystian"]
[Black "Plesiuk, Jan"]
[Result "1-0"]
[Board "27"]
[WhiteElo "1609"]
[WhiteCountry "POL"]
[WhiteFideId "21853002"]
[WhiteEloChange "14"]
[BlackElo "1748"]
[BlackCountry "POL"]
[BlackFideId "1159380"]
[BlackEloChange "-14"]

1. c4 {[%clk 1:30:30]} Nf6 {[%clk 1:30:30]} 2. g3 {[%clk 1:30:30]} c5 {[%clk
1:30:30]} 3. Bg2 {[%clk 1:30:30]} Nc6 {[%clk 1:30:30]} 4. Nc3 {[%clk 1:30:30]} e6
{[%clk 1:30:30]} 5. Nf3 {[%clk 1:30:30]} Be7 {[%clk 1:30:30]} 6. O-O {[%clk
1:30:30]} O-O {[%clk 1:30:30]} 7. d4 {[%clk 1:30:30]} d5 {[%clk 1:30:30]} 8. cxd5
{[%clk 1:30:30]} exd5 {[%clk 1:30:30]} 9. b3 {[%clk 1:30:30]} Bg4 {[%clk
1:30:30]} 10. Bb2 {[%clk 1:30:30]} Re8 {[%clk 1:30:30]} 11. Rc1 {[%clk 1:30:30]}
b6 {[%clk 1:30:30]} 12. Na4 {[%clk 1:30:30]} Rc8 {[%clk 1:30:30]} 13. dxc5 {[%clk
1:30:30]} bxc5 {[%clk 1:30:30]} 14. Nxc5 {[%clk 1:30:30]} Nb4 {[%clk 1:30:30]}
15. Nd3 {[%clk 1:30:30]} Nxa2 {[%clk 1:30:30]} 16. Ra1 {[%clk 1:30:30]} Nc3
{[%clk 1:30:30]} 17. Bxc3 {[%clk 1:30:30]} Rxc3 {[%clk 1:30:30]} 18. Rxa7 {[%clk
1:30:30]} Qb6 {[%clk 1:30:30]} 19. Qa1 {[%clk 1:30:30]} Rxb3 {[%clk 1:30:30]} 20.
Ra8 {[%clk 1:30:30]} Rxa8 {[%clk 1:30:30]} 21. Qxa8+ {[%clk 1:30:30]} Qb8 {[%clk
1:30:30]} 22. Qxb8+ {[%clk 1:30:30]} Rxb8 {[%clk 1:30:30]} 23. h3 {[%clk
1:30:30]} Bf5 {[%clk 1:30:30]} 24. Rd1 {[%clk 1:30:30]} h6 {[%clk 1:30:30]} 25.
Nf4 {[%clk 1:30:30]} Bc2 {[%clk 1:30:30]} 26. Rd2 {[%clk 1:30:30]} Rb1+ {[%clk
1:30:30]} 27. Kh2 {[%clk 1:30:30]} Be4 {[%clk 1:30:30]} 28. Ne5 {[%clk 1:30:30]}
Bb4 {[%clk 1:30:30]} 29. Ra2 {[%clk 1:30:30]} g5 {[%clk 1:30:30]} 30. Nfd3 {[%clk
1:30:30]} Be7 {[%clk 1:30:30]} 31. Ra7 {[%clk 1:30:30]} Kf8 {[%clk 1:30:30]} 32.
Ra8+ {[%clk 1:30:30]} Ne8 {[%clk 1:30:30]} 33. Nd7+ {[%clk 1:30:30]} Kg7 {[%clk
1:30:30]} 34. Rxe8 {[%clk 1:30:30]} Bxd3 {[%clk 1:30:30]} 35. exd3 {[%clk
1:30:30]} Ba3 {[%clk 1:30:30]} 36. Bxd5 {[%clk 1:30:30]} Rd1 {[%clk 1:30:30]} 37.
Bc4 {[%clk 1:30:30]} Bb2 {[%clk 1:30:30]} 38. Re7 {[%clk 1:30:30]} h5 {[%clk
1:30:30]} 39. Rxf7+ {[%clk 1:30:30]} Kg6 {[%clk 1:30:30]} 40. Nf8+ {[%clk
1:30:30]} 1-0

[Event "Irena Warakomska Memorial B"]
[Site "chessmanager.com"]
[Date "2018.08.06"]
[Round "7"]
[White "Sapinski, Sebastian"]
[Black "Blasiak, Miroslaw"]
[Result "0-1"]
[Board "28"]
[WhiteElo "1496"]
[WhiteCountry "POL"]
[WhiteFideId "21817340"]
[WhiteEloChange "-5"]
[BlackElo "1683"]
[BlackCountry "POL"]
[BlackFideId "1109324"]
[BlackEloChange "5"]

1. e4 {[%clk 1:30:30]} e5 {[%clk 1:30:30]} 2. Nf3 {[%clk 1:30:30]} Nc6 {[%clk
1:30:30]} 3. Bb5 {[%clk 1:30:30]} a6 {[%clk 1:30:30]} 4. Ba4 {[%clk 1:30:30]} Nf6
{[%clk 1:30:30]} 5. d3 {[%clk 1:30:30]} b5 {[%clk 1:30:30]} 6. Bb3 {[%clk
1:30:30]} Be7 {[%clk 1:30:30]} 7. c3 {[%clk 1:30:30]} d6 {[%clk 1:30:30]} 8. Nbd2
{[%clk 1:30:30]} O-O {[%clk 1:30:30]} 9. O-O {[%clk 1:30:30]} Na5 {[%clk
1:30:30]} 10. Bc2 {[%clk 1:30:30]} c5 {[%clk 1:30:30]} 11. a4 {[%clk 1:30:30]}
Bb7 {[%clk 1:30:30]} 12. axb5 {[%clk 1:30:30]} axb5 {[%clk 1:30:30]} 13. Re1
{[%clk 1:30:30]} Re8 {[%clk 1:30:30]} 14. Nf1 {[%clk 1:30:30]} h6 {[%clk
1:30:30]} 15. Ng3 {[%clk 1:30:30]} Bf8 {[%clk 1:30:30]} 16. Nf5 {[%clk 1:30:30]}
Nc6 {[%clk 1:30:30]} 17. Rxa8 {[%clk 1:30:30]} Bxa8 {[%clk 1:30:30]} 18. d4
{[%clk 1:30:30]} exd4 {[%clk 1:30:30]} 19. cxd4 {[%clk 1:30:30]} Nb4 {[%clk
1:30:30]} 20. d5 {[%clk 1:30:30]} Nxc2 {[%clk 1:30:30]} 21. Qxc2 {[%clk 1:30:30]}
Bb7 {[%clk 1:30:30]} 22. b3 {[%clk 1:30:30]} Bc8 {[%clk 1:30:30]} 23. Ng3 {[%clk
1:30:30]} g6 {[%clk 1:30:30]} 24. Qd3 {[%clk 1:30:30]} Ba6 {[%clk 1:30:30]} 25.
Bb2 {[%clk 1:30:30]} Bg7 {[%clk 1:30:30]} 26. Nd2 {[%clk 1:30:30]} Qb6 {[%clk
1:30:30]} 27. Rc1 {[%clk 1:30:30]} Nd7 {[%clk 1:30:30]} 28. Bxg7 {[%clk 1:30:30]}
Kxg7 {[%clk 1:30:30]} 29. Qf1 {[%clk 1:30:30]} Ne5 {[%clk 1:30:30]} 30. f4 {[%clk
1:30:30]} c4+ {[%clk 1:30:30]} 31. Kh1 {[%clk 1:30:30]} Nd3 {[%clk 1:30:30]} 32.
Rc2 {[%clk 1:30:30]} Nf2+ {[%clk 1:30:30]} 33. Kg1 {[%clk 1:30:30]} Nxe4+ {[%clk
1:30:30]} 34. Kh1 {[%clk 1:30:30]} Nf2+ {[%clk 1:30:30]} 35. Kg1 {[%clk 1:30:30]}
Nd3+ {[%clk 1:30:30]} 0-1

[Event "Irena Warakomska Memorial B"]
[Site "chessmanager.com"]
[Date "2018.08.06"]
[Round "7"]
[White "Paziak, Patryk"]
[Black "Pazdzior, Michal"]
[Result "1/2-1/2"]
[Board "29"]
[WhiteElo "1811"]
[WhiteCountry "POL"]
[WhiteFideId "1168185"]
[WhiteEloChange "-4"]
[BlackElo "1656"]
[BlackCountry "POL"]
[BlackFideId "1135872"]
[BlackEloChange "4"]

1. c4 {[%clk 1:30:30]} Nf6 {[%clk 1:30:30]} 2. Nc3 {[%clk 1:30:30]} e6 {[%clk
1:30:30]} 3. Nf3 {[%clk 1:30:30]} d5 {[%clk 1:30:30]} 4. cxd5 {[%clk 1:30:30]}
exd5 {[%clk 1:30:30]} 5. d4 {[%clk 1:30:30]} Be7 {[%clk 1:30:30]} 6. Bf4 {[%clk
1:30:30]} c6 {[%clk 1:30:30]} 7. h3 {[%clk 1:30:30]} Bf5 {[%clk 1:30:30]} 8. e3
{[%clk 1:30:30]} O-O {[%clk 1:30:30]} 9. Bd3 {[%clk 1:30:30]} Bxd3 {[%clk
1:30:30]} 10. Qxd3 {[%clk 1:30:30]} Nbd7 {[%clk 1:30:30]} 11. O-O {[%clk
1:30:30]} Re8 {[%clk 1:30:30]} 12. Rac1 {[%clk 1:30:30]} Bb4 {[%clk 1:30:30]} 13.
Rfd1 {[%clk 1:30:30]} Bxc3 {[%clk 1:30:30]} 14. bxc3 {[%clk 1:30:30]} b5 {[%clk
1:30:30]} 15. a4 {[%clk 1:30:30]} a6 {[%clk 1:30:30]} 16. axb5 {[%clk 1:30:30]}
axb5 {[%clk 1:30:30]} 17. Ra1 {[%clk 1:30:30]} Qe7 {[%clk 1:30:30]} 18. Ne5
{[%clk 1:30:30]} Nxe5 {[%clk 1:30:30]} 19. Bxe5 {[%clk 1:30:30]} Nd7 {[%clk
1:30:30]} 20. Rxa8 {[%clk 1:30:30]} Rxa8 {[%clk 1:30:30]} 21. e4 {[%clk 1:30:30]}
Nxe5 {[%clk 1:30:30]} 22. dxe5 {[%clk 1:30:30]} Qxe5 {[%clk 1:30:30]} 23. exd5
{[%clk 1:30:30]} Rd8 {[%clk 1:30:30]} 24. d6 {[%clk 1:30:30]} g6 {[%clk 1:30:30]}
25. d7 {[%clk 1:30:30]} Qe6 {[%clk 1:30:30]} 26. Qd4 {[%clk 1:30:30]} f6 {[%clk
1:30:30]} 27. Qd6 {[%clk 1:30:30]} Kf7 {[%clk 1:30:30]} 28. Rd3 {[%clk 1:30:30]}
Qxd6 {[%clk 1:30:30]} 29. Rxd6 {[%clk 1:30:30]} c5 {[%clk 1:30:30]} 30. Rd5
{[%clk 1:30:30]} b4 {[%clk 1:30:30]} 31. Rxc5 {[%clk 1:30:30]} bxc3 {[%clk
1:30:30]} 32. Rxc3 {[%clk 1:30:30]} Rxd7 {[%clk 1:30:30]} 33. g3 {[%clk 1:30:30]}
g5 {[%clk 1:30:30]} 34. Kg2 {[%clk 1:30:30]} Kg6 {[%clk 1:30:30]} 35. Rc5 {[%clk
1:30:30]} h5 {[%clk 1:30:30]} 36. Ra5 {[%clk 1:30:30]} Rd6 {[%clk 1:30:30]}
1/2-1/2

[Event "Irena Warakomska Memorial B"]
[Site "chessmanager.com"]
[Date "2018.08.06"]
[Round "7"]
[White "Huchwajda, Grzegorz"]
[Black "Wolagiewicz, Kinga"]
[Result "0-1"]
[Board "30"]
[WhiteElo "1523"]
[WhiteCountry "POL"]
[WhiteFideId "21806357"]
[WhiteEloChange "-8"]
[BlackElo "1611"]
[BlackCountry "POL"]
[BlackFideId "1195212"]
[BlackEloChange "8"]

1. e4 {[%clk 1:30:30]} c6 {[%clk 1:30:30]} 2. d4 {[%clk 1:30:30]} d5 {[%clk
1:30:30]} 3. exd5 {[%clk 1:30:30]} cxd5 {[%clk 1:30:30]} 4. c4 {[%clk 1:30:30]}
Nf6 {[%clk 1:30:30]} 5. Nc3 {[%clk 1:30:30]} Nc6 {[%clk 1:30:30]} 6. Nf3 {[%clk
1:30:30]} Bg4 {[%clk 1:30:30]} 7. cxd5 {[%clk 1:30:30]} Nxd5 {[%clk 1:30:30]} 8.
Be2 {[%clk 1:30:30]} e6 {[%clk 1:30:30]} 9. a3 {[%clk 1:30:30]} g6 {[%clk
1:30:30]} 10. h3 {[%clk 1:30:30]} Bxf3 {[%clk 1:30:30]} 11. Bxf3 {[%clk 1:30:30]}
Nde7 {[%clk 1:30:30]} 12. Bxc6+ {[%clk 1:30:30]} Nxc6 {[%clk 1:30:30]} 13. d5
{[%clk 1:30:30]} exd5 {[%clk 1:30:30]} 14. Qxd5 {[%clk 1:30:30]} Qxd5 {[%clk
1:30:30]} 15. Nxd5 {[%clk 1:30:30]} O-O-O {[%clk 1:30:30]} 16. Ne3 {[%clk
1:30:30]} Bg7 {[%clk 1:30:30]} 17. O-O {[%clk 1:30:30]} Rhe8 {[%clk 1:30:30]} 18.
Ra2 {[%clk 1:30:30]} b6 {[%clk 1:30:30]} 19. b4 {[%clk 1:30:30]} Kb7 {[%clk
1:30:30]} 20. Rd2 {[%clk 1:30:30]} Rxd2 {[%clk 1:30:30]} 21. Bxd2 {[%clk
1:30:30]} Rd8 {[%clk 1:30:30]} 22. Rd1 {[%clk 1:30:30]} Nd4 {[%clk 1:30:30]} 23.
Kf1 {[%clk 1:30:30]} Nb3 {[%clk 1:30:30]} 24. Be1 {[%clk 1:30:30]} Rxd1 {[%clk
1:30:30]} 25. Nxd1 {[%clk 1:30:30]} Kc6 {[%clk 1:30:30]} 26. Ke2 {[%clk 1:30:30]}
Kb5 {[%clk 1:30:30]} 27. Nc3+ {[%clk 1:30:30]} Bxc3 {[%clk 1:30:30]} 28. Bxc3
{[%clk 1:30:30]} Ka4 {[%clk 1:30:30]} 29. Bb2 {[%clk 1:30:30]} a5 {[%clk
1:30:30]} 30. bxa5 {[%clk 1:30:30]} Nxa5 {[%clk 1:30:30]} 31. Bd4 {[%clk
1:30:30]} b5 {[%clk 1:30:30]} 32. Bc5 {[%clk 1:30:30]} Nc4 {[%clk 1:30:30]} 33.
Kd1 {[%clk 1:30:30]} Nxa3 {[%clk 1:30:30]} 34. Kc1 {[%clk 1:30:30]} Nc4 {[%clk
1:30:30]} 35. Kb1 {[%clk 1:30:30]} b4 {[%clk 1:30:30]} 36. Be7 {[%clk 1:30:30]}
Ne5 {[%clk 1:30:30]} 37. Bc5 {[%clk 1:30:30]} Nd3 {[%clk 1:30:30]} 38. g3 {[%clk
1:30:30]} Nxc5 {[%clk 1:30:30]} 0-1

[Event "Irena Warakomska Memorial B"]
[Site "chessmanager.com"]
[Date "2018.08.06"]
[Round "7"]
[White "Rokita, Miroslaw"]
[Black "Choinska, Debora"]
[Result "1-0"]
[Board "31"]
[WhiteElo "1691"]
[WhiteCountry "POL"]
[WhiteFideId "1180207"]
[WhiteEloChange "6"]
[BlackElo "1555"]
[BlackCountry "POL"]
[BlackFideId "1185144"]
[BlackEloChange "-6"]

1. d4 {[%clk 1:30:30]} d5 {[%clk 1:30:30]} 2. Bf4 {[%clk 1:30:30]} Nf6 {[%clk
1:30:30]} 3. e3 {[%clk 1:30:30]} e6 {[%clk 1:30:30]} 4. Bd3 {[%clk 1:30:30]} c5
{[%clk 1:30:30]} 5. c3 {[%clk 1:30:30]} Nc6 {[%clk 1:30:30]} 6. Nf3 {[%clk
1:30:30]} Bd6 {[%clk 1:30:30]} 7. Bg3 {[%clk 1:30:30]} O-O {[%clk 1:30:30]} 8.
Nbd2 {[%clk 1:30:30]} b6 {[%clk 1:30:30]} 9. O-O {[%clk 1:30:30]} Bb7 {[%clk
1:30:30]} 10. Ne5 {[%clk 1:30:30]} Ne7 {[%clk 1:30:30]} 11. f4 {[%clk 1:30:30]}
Nf5 {[%clk 1:30:30]} 12. Bf2 {[%clk 1:30:30]} Be7 {[%clk 1:30:30]} 13. g4 {[%clk
1:30:30]} Nd6 {[%clk 1:30:30]} 14. g5 {[%clk 1:30:30]} Nfe4 {[%clk 1:30:30]} 15.
Nxe4 {[%clk 1:30:30]} Nxe4 {[%clk 1:30:30]} 16. Qg4 {[%clk 1:30:30]} Kh8 {[%clk
1:30:30]} 17. Qh3 {[%clk 1:30:30]} Qe8 {[%clk 1:30:30]} 18. a4 {[%clk 1:30:30]}
a6 {[%clk 1:30:30]} 19. Bxe4 {[%clk 1:30:30]} dxe4 {[%clk 1:30:30]} 20. Kh1
{[%clk 1:30:30]} cxd4 {[%clk 1:30:30]} 21. cxd4 {[%clk 1:30:30]} Bd6 {[%clk
1:30:30]} 22. Rg1 {[%clk 1:30:30]} Bxe5 {[%clk 1:30:30]} 23. dxe5 {[%clk
1:30:30]} Rc8 {[%clk 1:30:30]} 24. Rg4 {[%clk 1:30:30]} f5 {[%clk 1:30:30]} 25.
gxf6 {[%clk 1:30:30]} gxf6 {[%clk 1:30:30]} 26. Rag1 {[%clk 1:30:30]} Rc7 {[%clk
1:30:30]} 27. Qh6 {[%clk 1:30:30]} Rff7 {[%clk 1:30:30]} 28. Bh4 {[%clk 1:30:30]}
Qf8 {[%clk 1:30:30]} 29. Bxf6+ {[%clk 1:30:30]} Rxf6 {[%clk 1:30:30]} 30. Qxf6+
{[%clk 1:30:30]} Qxf6 {[%clk 1:30:30]} 31. Rg8# {[%clk 1:30:30]} 1-0